000 004370000a22001690004500
003 MACL
005 20160101152854.0
008 160101b xxu||||| |||| 00| 0 eng d
040 _aMACL
_cMACL
041 _aEnglish
082 _a403/HOR
100 _aHorsburgh, Nicholas
_926548
245 _aEnglish Junior Dictionary
260 _bMadhuban Educational Books
_c1987
_aDelhi
650 _aDictionary
_926550
942 _cBK
_k403/HOR
_2ddc
999 _c38720
_d38720